Pevnostná analýza náboja kolesa vyrobeného AM technológiou

Salvato in:
Dettagli Bibliografici
Autore principale: Schlett, Oliver (Autore)
Altri autori: Margetin, Matúš (Relatore della tesi)
Natura: Manoscritto Libro
Lingua:slovacco
Pubblicazione: 2023
Soggetti:
Accesso online:http://is.stuba.sk/zp/portal_zp.pl?podrobnosti=162565
Tags: Aggiungi Tag
Nessun Tag, puoi essere il primo ad aggiungerne!!

MARC

LEADER 00000ntm a22000003a 4500
001 stuzp94773
003 SK-STU
005 20230909223133.8
007 ta
008 150427s2015----xo-----f-mn---000-0-slo-d
040 |a STU  |b slo 
041 0 |a slo 
100 1 |a Schlett, Oliver  |u 020010  |4 aut  |U SjF Strojnícka fakulta  |T SjF Ústav aplikovanej mechaniky a mechatroniky  |X 110720  |U J0010  |Y 801  |7 110720 
242 0 1 |a Strength analysis of wheel hub produced by AM technology  |y eng 
245 1 0 |a Pevnostná analýza náboja kolesa vyrobeného AM technológiou 
260 |c 2023 
650 4 |a AM technológia  |2 slo 
650 4 |a meranie materiálových vlastností  |2 slo 
650 4 |a MKP simulácia  |2 slo 
650 4 |a AM technology of manufacturing  |2 eng 
650 4 |a measuring of material properties  |2 eng 
650 4 |a FEM simulation  |2 eng 
700 1 |a Margetin, Matúš  |u 020010  |k Z2  |4 ths  |U SjF Strojnícka fakulta  |T SjF Ústav aplikovanej mechaniky a mechatroniky  |X 14278  |U J0010  |Y 801  |7 A000014278 
856 4 |u http://is.stuba.sk/zp/portal_zp.pl?podrobnosti=162565